000 00656nam a2200217Ia 4500
003 GCL
008 140319s9999 xx 000 0 ara d
040 _aGCL /
_cGCL
082 0 4 _aد
_b050
100 1 _aعبدالسلام الترمانينى
245 1 0 _aالرق ماضيه وحاضره (عالم المعرفة 23) /
_cعبدالسلام الترمانينى
300 _a257 ص
490 _aعالم المعرفة
_v0
650 0 4 _aالسخرية
650 0 4 _aالرقيق
650 0 4 _aالحرية
650 0 4 _aالعتق
650 0 4 _aالسخرة
650 0 4 _aالرقيق - الاحوال الاجتماعية
942 _2ddc
_cBK
999 _c50244
_d50244